Dawn of Religious Pluralism (Record no. 9795)

MARC details
000 -LEADER
fixed length control field 00704nam a2200241 a 4500
020 ## - INTERNATIONAL STANDARD BOOK NUMBER
ISBN 0812625
082 00 - DEWEY DECIMAL CLASSIFICATION NUMBER
Classification number 291
Author Cutter SEA
100 ## - MAIN ENTRY--AUTHOR NAME
Author name Seager, Richard Hughes
245 ## - TITLE STATEMENT
Title Dawn of Religious Pluralism
Sub title Voices from the World`s Parliament of Religion
260 ## - PUBLICATION, DISTRIBUTION, ETC. (IMPRINT)
Place of publication Chicago, London
Name of publisher Open Court Publishing Co.
Year of publication 1993
300 ## - PHYSICAL DESCRIPTION
Number of Pages 499p
500 ## - GENERAL NOTE
General note includes index and biblioraphy
505 2# - FORMATTED CONTENTS NOTE
Formatted contents note 1893, Bibliography, reference and indexes
650 ## - SUBJECT ADDED ENTRY--TOPICAL TERM
Topical Term Comparative Religion
942 ## - ADDED ENTRY ELEMENTS (KOHA)
Koha item type Books
700 1# -
-- Seager, Richard Hughes
Holdings
Collection code Home library Current library Date acquired Cost, normal purchase price Full call number Accession Number Koha item type
  Henry Martyn Institute Library Henry Martyn Institute Library 11/04/2011 368.00 291 SEA 017646 Books
                   Copyright © 2026 | Henry Martyn Institute | Hyderabad | TS-500052 | INDIA | Implemented by hmi.edu.in
Hit-Count:

Powered by Koha